Phineas and Ferb Characters-Hard Mode - Statistics

General Stats
  • This quiz has been taken 305 times
    29 since last reset
  • The average score is 56 of 221
Answer Stats
Answer % Correct
Agent P
100%
Agent E
95%
Agent F
95%
Agent H
95%
Agent R
95%
Ferb Fletcher
95%
Agent B
90%
Agent C
90%
Baljeet Tjinder
90%
Perry the Platypus
90%
Phineas Flynn
90%
Agent G
86%
Buford Van Stomm
86%
Candace Flynn
86%
Isabella Garcia-Shapiro
86%
Vanessa Doofenshmirtz
86%
Agent D
81%
Agent O
76%
Dr. Heinz Doofenshmirtz
76%
Linda Flynn-Fletcher
76%
Agent K
71%
Agent T
71%
Agent W
71%
Carl Karl
71%
Stacy Hirano
71%
Irving Du Bois
67%
Jeremy Johnson
67%
Lawrence Fletcher
67%
Major Francis Monogram
67%
Charlene Doofenshmirtz
62%
Roger Doofenshmirtz
62%
Dr. Jackyll Doofenshmirtz
57%
Fluffy Pants Doofenshmirtz
57%
Ginger Hirano
57%
Gretel Doofenshmirtz
57%
Jose Doofenshmirtz
57%
Justin Doofenshmirtz
57%
Monty Monogram
57%
Mr. Doofenshmirtz
57%
Mrs. Doofenshmirtz
57%
Simpkin Doofenshmirtz
57%
Suzy Johnson
52%
Albert Du Bois
48%
Beckham Fletcher
48%
Norm
48%
Adrian Fletcher
43%
Betty Joe Flynn
43%
Clyde Flynn
43%
Eliza Fletcher
43%
Gretchen
43%
Lucy Fletcher
43%
Mrs. Du Bois
43%
Pele Fletcher
43%
Peter the Panda
43%
Reginald Fletcher
43%
Winifred Fletcher
43%
Jenny Brown
38%
Mr. Garcia-Shapiro
38%
Mrs. Tjinder
38%
Vivian Garcia-Shapiro
38%
Anabelle Johnson
33%
Biffany Van Stomm
33%
Django Brown
33%
Dr. Hirano
33%
Hildegard Johnson
33%
Holly
33%
Jack Johnson
33%
Joe Johnson
33%
Mrs. Johnson
33%
Rodney
33%
Addison Sweetwater
29%
Agent CH
29%
Coltrane
29%
Katie
29%
Milly
29%
Thaddeus
29%
Thor
29%
Klimpaloon
24%
Meap
24%
Pinky the Chihuahua
24%
Beppo Brown
19%
Big Mitch
19%
Dr. Diminutive
19%
Esmerelda Poofenplotz
19%
Giant Floating Baby Head
19%
Han Solo
19%
Hulk
19%
Iron Man
19%
Luke Skywalker
19%
Nana Shapiro
19%
Planty the Potted Plant
19%
Sherman
19%
Spiderman
19%
Colonel Contraction
14%
Danny
14%
Darth Vader
14%
Dink Winkerson
14%
Don
14%
Gary the Gander
14%
Marty the Rabbit Boy
14%
Newton the Gnu
14%
Olga and Chicago Joe
14%
Princess Leia
14%
Agent Double 00
10%
Balloony
10%
Bobbi Fabulous
10%
Chloe
10%
Clay Aiken
10%
Dr. David Bringdown
10%
Farmer
10%
Farmers Wife
10%
Ferbgor
10%
Johnny
10%
Lorraine
10%
M.O.D.O.K
10%
Mr. McGillicuddy
10%
Obi Wan Kenobi
10%
R2-D2
10%
Red Skull
10%
Sergei The Snail
10%
Shady Joe
10%
Terry the Turtle
10%
Venom
10%
Wanda Acronym
10%
Whiplash
10%
2 Guyz N the Parque
5%
André Guilbaud
5%
Backup Dancers
5%
Balthazar Horowitz
5%
Beatrice
5%
Birgitte
5%
Bobby Nelson
5%
Bob Webber
5%
Brigette
5%
Buck Buckerson
5%
Chaka Khan
5%
Chewbacca
5%
Cindy
5%
Conk
5%
Cousin Narthelliot
5%
Crazy Old Coot
5%
Dana
5%
Dennis the Rabbit
5%
Dimitri Popaunicolas
5%
Dr. Bainbridge
5%
Dr. Bloodpudding
5%
Dr. Feelbetter
5%
Dr. Killbot
5%
Dr. Phineastein
5%
Fabiana
5%
Fifi
5%
Gertrude Zupermültienator
5%
Glenda Wilkins
5%
Harry the Hyena
5%
Heather
5%
Henrietta Hawkenschpit
5%
Karen the Cat
5%
Khaka Peü Peü
5%
Lacie
5%
Lulu Jones
5%
Lyla Lolliberry
5%
Maggie the Macaw
5%
Mandy
5%
Manny the Mongoose
5%
Melanie
5%
Melissa
5%
Mindy
5%
Mittington Random
5%
Mona
5%
Nancy
5%
Paul the Delivery Guy
5%
Professor Bannister
5%
Professor Ross Eforp
5%
Ray Liotta
5%
Rodrigo
5%
Russell
5%
Sally
5%
Santa Claus
5%
Sinister Piano Player
5%
Slash
5%
Talking Zebra
5%
The Bettys
5%
The Hockey Hooligans
5%
The Paisley Sideburn Brothers
5%
The Slacks
5%
The Snifferton Nostrils
5%
Tiana Webber
5%
Tiny Cowboy
5%
Wailin
5%
Wendy
5%
Arlene
0%
Ben Baxter
0%
Bridgette Oshinomi
0%
Bubba Doof
0%
Captain Squint
0%
Charles Pipping
0%
Dave and Rick
0%
Dr. Lloyd Wexler
0%
Dr. Mosley Shamai
0%
Elizabeth
0%
Haney
0%
Herman the Hedgehog
0%
J.B.
0%
Lewis
0%
Lewis’ Fiancée
0%
Liam O’Crackin
0%
Luc Robitaille
0%
Michael Buble
0%
Morg
0%
Oga
0%
Parry Gripp
0%
Pedro
0%
Phil
0%
Slam Hammer
0%
The Haberdasher
0%
Tykera Kwok
0%
Uncle Sabu
0%
No matching quizzes found
Score Distribution
Percent of People with Each Score
Percentile by Number Answered
Your Score History
You have not taken this quiz since the last reset